000
00247nam a2200109Ia 4500
008
201231s9999 xx 000 0 und d
100
_a
Stopford, Martin
245
0
_a
Maritime Economics
260
_a
London
_b
Routledge
300
_a
562
942
_c
BK
999
_c
9761
_d
9761